Great western political thinkers. (Record no. 739)

MARC details
000 -LEADER
fixed length control field 00544cam a2200193ua 4500
001 - CONTROL NUMBER
control field 814
005 - DATE AND TIME OF LATEST TRANSACTION
control field 20260515113228.0
008 - FIXED-LENGTH DATA ELEMENTS--GENERAL INFORMATION
fixed length control field 110420n ii |||gr||||Z||||||eng
020 ## - INTERNATIONAL STANDARD BOOK NUMBER
International Standard Book Number 81-7100-558-6
040 ## - CATALOGING SOURCE
Transcribing agency MAIN
082 ## - DEWEY DECIMAL CLASSIFICATION NUMBER
Classification number 320.5
245 1# - TITLE STATEMENT
Title Great western political thinkers.
Remainder of title Jeremy Bentham.
250 ## - EDITION STATEMENT
Edition statement 1st. /
Remainder of edition statement Edited by Subrata Mukherjee & Sushila Ramaswamy.
260 ## - PUBLICATION, DISTRIBUTION, ETC.
Place of publication, distribution, etc. New Delhi.:
Name of publisher, distributor, etc. Deep & Deep.,993.
300 ## - PHYSICAL DESCRIPTION
Extent 581 p.:
Dimensions 25 cm.
653 ## - INDEX TERM--UNCONTROLLED
Uncontrolled term Political science.
653 ## - INDEX TERM--UNCONTROLLED
Uncontrolled term Great western political thinkers.
942 ## - ADDED ENTRY ELEMENTS (KOHA)
Koha item type Books
Holdings
Withdrawn status Lost status Damaged status Not for loan Home library Current library Shelving location Date acquired Total checkouts Full call number Barcode Date last seen Copy number Price effective from Koha item type
        Naharkatiya College Library Naharkatiya College Library General stacks 09/19/2020   320.5 | GRE 805 09/19/2020 1 09/19/2020 Books